[Event "Andalucia-ch U14"]
[Site "Islantilla"]
[Date "2012.04.13"]
[Round "3"]
[White "Wang Qiu, Jorge"]
[Black "Aguilar Manso, Jose"]
[Result "0-1"]
[WhiteElo "1705"]
[BlackElo "1296"]
[PlyCount "104"]
[EventDate "2012.04.13"]
[EventType "swiss"]
[EventRounds "9"]
[EventCountry "ESP"]
[SourceTitle "CBM 148 Extra"]
[Source "ChessBase"]
[SourceDate "2012.06.22"]
[SourceVersion "1"]
[SourceVersionDate "2012.06.22"]
[SourceQuality "1"]

1. e4 c5 2. d3 Nc6 3. c3 g6 4. g3 Bg7 5. Bg2 Nf6 6. f4 d6 7. Nf3 0-0 8. 0-0 Bg4 9. Nbd2 Qd7 10. Nc4 d5 11. Ncd2 d4 12. c4 Nb4 13. Qb3 b6 14. a3 Nc6 15. Nh4 Bh3 16. f5 Bxg2 17. Kxg2 Ng4 18. Kg1 Nge5 19. Nhf3 e6 20. Nxe5 Nxe5 21. f6 Bh8 22. Rf4 Qd8 23. Nf3 Nxf3+ 24. Rxf3 Bxf6 25. Bh6 Bg7 26. Bf4 f5 27. exf5 exf5 28. Qb5 Qe8 29. Qb3 Qc6 30. Rf2 Rfe8 31. Qc2 Re6 32. Re2 Rae8 33. Rae1 Rxe2 34. Rxe2 Rxe2 35. Qxe2 Kf7 36. Bg5 Qe6 37. Qxe6+ Kxe6 38. Bf4 Be5 39. Bg5 Kd6 40. Kf2 Kc6 41. Ke2 b5 42. cxb5+ Kxb5 43. Kd2 Ka4 44. Kc2 Kb5 45. Kd2 Ka5 46. Kc2 Ka4 47. Be7 a5 48. Bxc5 g5 49. Be7 f4 50. gxf4 gxf4 51. Kb1 f3 52. Bh4 Bxh2 0-1